000 00322 a2200109 4500
050 _aBV4211.2
_b.L48 1979
100 _aLewis, Ralph L.
_91480
245 _aPersuasive preaching today /
_cRalph L. Lewis.
260 _aMichigan :
_bAsbury Theological Seminary,
_cc1979.
300 _ax, 276 p. :
_bill. ;
_c22 cm
942 _2lcc
_cBK
_n0
999 _c714
_d714